An investigation into the impact of quality management systems upon construction productivity at the site level /
Saved in:
| Main Author: | |
|---|---|
| Format: | Thesis |
| Language: | English |
| Published: |
Glasgow :
Strathclyde University,
1995
|
| Subjects: | |
| Tags: |
Add Tag
No Tags, Be the first to tag this record!
|
| LEADER | 013580000a22003370004500 | ||
|---|---|---|---|
| 001 | 185779 | ||
| 005 | 20230420101146.0 | ||
| 008 | 000329s1995 uk a g 000 0 eng d | ||
| 035 | |a (Sirsi) 185779 | ||
| 040 | |a UIAM |b eng | ||
| 043 | |a e-uk--- | ||
| 050 | 0 | 0 | |a TH438.2 |
| 100 | 1 | |a Eltigani, Hadi Mohammed Ahmed |9 113464 | |
| 245 | 1 | 3 | |a An investigation into the impact of quality management systems upon construction productivity at the site level / |c by Hadi Mohammed Ahmed Eltigani |
| 260 | |a Glasgow : |b Strathclyde University, |c 1995 | ||
| 300 | |a vi, 211 p. : |b ill. ; |c 30 cm. | ||
| 336 | |2 rdacontent | ||
| 337 | |2 rdamedia | ||
| 338 | |2 rdacarrier | ||
| 502 | |a "Thesis submitted for the Degree of : Doctor of Philosophy in Civil Engineering."--On t.p | ||
| 502 | |a Thesis (Ph.D)--Strathclyde University, 1995 | ||
| 504 | |a Includes bibliographical references | ||
| 533 | |a Photocopy - The British Library British Thesis Service | ||
| 650 | 0 | |a Total quality management |9 113465 | |
| 650 | 0 | |a Construction industry |x Quality control | |
| 650 | 0 | |a Construction industry |x Management | |
| 655 | 0 | 7 | |a Theses, Facsimile edition |9 17496 |
| 900 | |a hj-rtr-za | ||
| 942 | |2 lcc |n 0 | ||
| 999 | |c 431381 |d 462872 | ||
| 952 | |0 0 |6 T TH 000438.2 E51I 1995 |7 0 |8 THESES |9 751141 |a IIUM |b IIUM |c MULTIMEDIA |g 0.00 |o t TH438.2E51I 1995 |p 00000614206 |r 2017-10-20 |t 1 |v 0.00 |y THESIS | ||
